The future of forestry in England (Record no. 82935)
[ view plain ]
| 000 -LEADER | |
|---|---|
| fixed length control field | 00999cad a22002055a 4500 |
| 001 - CONTROL NUMBER | |
| control field | L152298 |
| 008 - FIXED-LENGTH DATA ELEMENTS--GENERAL INFORMATION | |
| fixed length control field | 110218e20110217xxk 000 0 eng d |
| 035 ## - SYSTEM CONTROL NUMBER | |
| System control number | (Sirsi) u152298 |
| 041 0# - LANGUAGE CODE | |
| Language code of text/sound track or separate title | eng |
| 110 2# - MAIN ENTRY--CORPORATE NAME | |
| Corporate name or jurisdiction name as entry element | United Kingdom |
| Subordinate unit | Department for Environment, Food and Rural Affairs |
| 245 04 - TITLE STATEMENT | |
| Title | The future of forestry in England |
| Medium | [electronic resource] |
| 260 ## - PUBLICATION, DISTRIBUTION, ETC. | |
| Date of publication, distribution, etc. | 2011 |
| 490 ## - SERIES STATEMENT | |
| Series statement | DEFRA News Release |
| Volume/sequential designation | 17 February 2011(2) |
| 520 ## - SUMMARY, ETC. | |
| Summary, etc. | Consultation on the future management of the Public Forest Estate has been halted and all forestry clauses in the Public Bodies Bill will be removed Environment Secretary Caroline Spelman confirmed. An independent panel of experts will examine forestry policy in England and report back in the autumn. |
| 590 ## - LOCAL NOTE (RLIN) | |
| Local note | KA NTK |
| 651 #4 - SUBJECT ADDED ENTRY--GEOGRAPHIC NAME | |
| Geographic name | England |
| Chronological subdivision | 886- |
| 690 ## - LOCAL SUBJECT ADDED ENTRY--TOPICAL TERM (OCLC, RLIN) | |
| Topical term or geographic name as entry element | ENVIRONMENT AND LAND CONSULTANCY-PLANNING AND DEVELOPMENT |
| 856 40 - ELECTRONIC LOCATION AND ACCESS | |
| Uniform Resource Identifier | <a href="https://ww2.defra.gov.uk/news/2011/02/17/futureforestry/">https://ww2.defra.gov.uk/news/2011/02/17/futureforestry/</a> |
| Public note | View the item free of charge at ww2.defra.gov.uk |
| 942 ## - ADDED ENTRY ELEMENTS (KOHA) | |
| Suppress in OPAC | 0 |
| Withdrawn status | Lost status | Source of classification or shelving scheme | Damaged status | Not for loan | Home library | Current library | Shelving location | Date acquired | Total Checkouts | Full call number | Barcode | Date last seen | Copy number | Price effective from | Koha item type |
|---|---|---|---|---|---|---|---|---|---|---|---|---|---|---|---|
| Dewey Decimal Classification | Virtual | Virtual | Online | 18/02/2011 | ONLINE PUBLICATION | 152298-2001 | 06/08/2019 | 1 | 06/08/2019 | Journal article |